[Event "Mondiale Lampo FIDE 2019"]
[Site "Mosca"]
[Date "29.12.2019"]
[Round "8.82"]
[White "Kim, Alexey"]
[Black "Jumabayev, Rinat"]
[Result "1/2-1/2"]
[WhiteTitle "GM"]
[BlackTitle "GM"]
[WhiteElo "2464"]
[BlackElo "2646"]
[WhiteFideId "4129776"]
[BlackFideId "13702661"]
[EventDate "2019.12.29"]

1. e4 c5 2. Nf3 d6 3. c3 Nf6 4. Be2 Bg4 5. h3 Bh5 6. O-O e6 7. Re1 Be7 8. Qc2
O-O 9. d3 Nc6 10. a3 d5 11. Nbd2 Rc8 12. Nf1 Nd7 13. Ng3 Bg6 14. Bf1 Bd6 15.
exd5 exd5 16. Qb3 Nb6 17. Bd2 Qc7 18. a4 c4 19. dxc4 dxc4 20. Qa2 Na5 21. Ne4
Be7 22. Rad1 Rfe8 23. Nd4 a6 24. g3 Nd5 25. Bg2 Nf6 26. Bf4 Qb6 27. Rd2 Nxe4 28.
Bxe4 Bc5 29. Rde2 Bxe4 30. Rxe4 Rxe4 31. Rxe4 Bxd4 32. cxd4 Qc6 33. Re1 Nb3 34.
Be3 h6 35. Qa3 Qd7 36. Kh2 Nxd4 37. Bxd4 Qxd4 38. Kg2 Qd5+ 39. Kh2 Qc5 40. Qf3
Qc6 41. Qf4 Qxa4 42. Re7 Rf8 43. Rxb7 Qc6 44. Rc7 Qb6 45. Rxc4 Qxb2 46. Rc7 a5
47. Ra7 Qc3 48. Qf5 g6 49. Qxa5 Qf3 50. Qd2 Re8 51. Ra2 h5 52. h4 Kh7 53. Rb2
Re5 54. Rc2 Rd5 55. Qe3 Qf5 56. Re2 Rd1 57. Re1 Rd3 58. Qe2 Qd5 59. Kg1 Rd2 60.
Qe3 Rd3 61. Qf4 1/2-1/2

[Event "Mondiale Lampo FIDE 2019"]
[Site "Mosca"]
[Date "29.12.2019"]
[Round "8.83"]
[White "Inarkiev, Ernesto"]
[Black "Kazakouski, Valery"]
[Result "0-1"]
[WhiteTitle "GM"]
[BlackTitle "IM"]
[WhiteElo "2663"]
[BlackElo "2485"]
[WhiteFideId "4162722"]
[BlackFideId "13507443"]
[EventDate "2019.12.29"]

1. Nf3 Nf6 2. c4 e6 3. g3 d5 4. Bg2 dxc4 5. Qa4+ c6 6. Qxc4 b5 7. Qc2 Bb7 8. O-O
Be7 9. a4 a6 10. d3 O-O 11. Nc3 Nbd7 12. e4 Rc8 13. Rd1 Qb6 14. Be3 c5 15. b3
Bc6 16. h3 Qb7 17. Nd2 Rfd8 18. f4 Nb6 19. Kh2 Rd7 20. Nf3 Rdd8 21. Ne5 Be8 22.
Qf2 Nfd7 23. Nf3 Nb8 24. g4 N6d7 25. f5 Nc6 26. Ne2 Bd6+ 27. Kh1 Qb8 28. Rac1
exf5 29. gxf5 f6 30. Nh2 Bxh2 31. Bxc5 Nxc5 32. Rxc5 Bd6 33. Rcc1 Bf7 34. axb5
axb5 35. Rb1 Be5 36. d4 Qb6 37. Rbc1 Nxd4 38. Rxc8 Rxc8 39. Rxd4 Bxd4 40. Qxd4
Qxd4 41. Nxd4 b4 42. Bf1 Rc3 43. Kg2 Kf8 44. Kf2 Bxb3 45. Nb5 Rc5 46. Nd4 Bf7
47. Ke3 b3 48. Bd3 b2 49. Kd2 Ba2 50. h4 Rc8 51. Ne6+ Bxe6 52. fxe6 Rc1 0-1

[Event "Mondiale Lampo FIDE 2019"]
[Site "Mosca"]
[Date "29.12.2019"]
[Round "8.84"]
[White "Rychagov, Andrey"]
[Black "Huzman, Alexander"]
[Result "1-0"]
[WhiteTitle "GM"]
[BlackTitle "GM"]
[WhiteElo "2545"]
[BlackElo "2567"]
[WhiteFideId "4119932"]
[BlackFideId "2803828"]
[EventDate "2019.12.29"]

1. d4 Nf6 2. c4 e6 3. Nf3 d5 4. Nc3 c6 5. Bg5 h6 6. Bh4 dxc4 7. e4 g5 8. Bg3 b5
9. Be2 Bg7 10. e5 Nd5 11. Ne4 c5 12. Nd6+ Kf8 13. O-O Nc6 14. dxc5 g4 15. Nd4
Nxe5 16. Bxg4 Nxg4 17. Qxg4 h5 18. Qe4 Qf6 19. Nf3 Qxb2 20. Rab1 Nc3 21. Qxa8
Nxb1 22. Qxc8+ 1-0

[Event "Mondiale Lampo FIDE 2019"]
[Site "Mosca"]
[Date "29.12.2019"]
[Round "8.85"]
[White "Tregubov, Pavel V."]
[Black "Iljiushenok, Ilia"]
[Result "1-0"]
[WhiteTitle "GM"]
[BlackTitle "GM"]
[WhiteElo "2588"]
[BlackElo "2521"]
[WhiteFideId "4115341"]
[BlackFideId "24105074"]
[EventDate "2019.12.29"]

1. e4 c6 2. Nc3 d5 3. Nf3 Qa5 4. exd5 cxd5 5. d4 Nf6 6. Bd2 Qd8 7. Ne5 a6 8. Bd3
g6 9. O-O Bg7 10. Re1 O-O 11. Bf4 b5 12. a4 b4 13. Na2 a5 14. Nc1 Bb7 15. Nb3
Nbd7 16. Bb5 Nxe5 17. Bxe5 Ne4 18. Bxg7 Kxg7 19. f3 Nd6 20. Bd3 Nc4 21. Qc1 Qd6
22. Nc5 Bc6 23. b3 Nb6 24. c3 bxc3 25. Qxc3 Rfc8 26. Rac1 Nd7 27. Ba6 Rc7 28.
Qxa5 Nxc5 29. dxc5 Qd8 30. Qc3+ d4 31. Qd3 Rb8 32. Bb5 Qd5 33. b4 e5 34. Bc4 Qd8
35. b5 Bd5 36. Rxe5 Rxc5 37. Qxd4 Rxc4 38. Rxc4 Bxc4 39. Rd5+ Qf6 40. Qxc4 Qa1+
41. Kf2 Kg8 42. Qd4 Qa2+ 43. Kg3 Re8 44. h3 h5 45. Rd8 Rxd8 46. Qxd8+ Kh7 47.
Qd4 Qa3 48. b6 Qe7 49. Qb2 Qd6+ 50. Kf2 Qc5+ 51. Kf1 Qc4+ 52. Kg1 Qc5+ 53. Kh1
Qd6 54. b7 Qd1+ 55. Kh2 Qd6+ 56. Kg1 Qb8 57. Kh1 h4 58. a5 Qg3 59. Qb1 1-0

[Event "Mondiale Lampo FIDE 2019"]
[Site "Mosca"]
[Date "29.12.2019"]
[Round "8.86"]
[White "Ismagambetov, Anuar"]
[Black "Vokhidov, Shamsiddin"]
[Result "0-1"]
[WhiteTitle "GM"]
[BlackTitle "IM"]
[WhiteElo "2528"]
[BlackElo "2526"]
[WhiteFideId "13701525"]
[BlackFideId "14204223"]
[EventDate "2019.12.29"]

1. e4 e5 2. Nf3 Nc6 3. Nc3 Nf6 4. g3 Bc5 5. Bg2 d6 6. d3 a6 7. h3 h6 8. Be3 Bxe3
9. fxe3 Ne7 10. Nh4 g5 11. O-O gxh4 12. Rxf6 Be6 13. Qh5 Qd7 14. Qxh4 h5 15.
Raf1 O-O-O 16. Rxf7 Bxf7 17. Rxf7 Rde8 18. Nd5 Kd8 19. Rg7 Qe6 20. Bf3 Rhg8 21.
Rh7 c6 22. Nf6 Rxg3+ 23. Qxg3 Qxf6 24. Rg7 h4 25. Qg2 Rf8 26. Be2 a5 27. Rg4 Qe6
28. b3 Qf6 29. a4 Qh6 30. Rg5 Qf6 31. Kh2 Kc7 32. Rg7 Kd8 33. Bh5 d5 34. Be2
dxe4 35. dxe4 Kc7 36. Bc4 Kb6 37. Rg4 Nc8 38. Qd2 Nd6 39. Bd3 Qf3 40. Qg2 Qxe3
41. Qg1 Rf2+ 42. Rg2 Qg3+ 43. Kh1 Qxh3+ 44. Rh2 Qf3+ 45. Rg2 Qh3+ 46. Rh2 Qxh2+
47. Qxh2 Rxh2+ 48. Kxh2 Kc5 49. c3 b5 50. Kh3 b4 51. cxb4+ Kxb4 52. Bc2 Kc3 53.
Bd1 Nxe4 54. Kxh4 Nf2 55. Bf3 c5 56. Kg3 Nd3 57. Kg4 Kxb3 58. Kf5 c4 59. Bd5 Nb4
60. Be6 Nc6 61. Ke4 Kb4 62. Bd7 Nd4 63. Be8 Nb3 64. Kxe5 Nc5 65. Kd4 c3 66. Bg6
Nxa4 67. Kd3 Kb3 68. Kd4 c2 69. Bxc2+ Kxc2 70. Kc4 Nb6+ 0-1

[Event "Mondiale Lampo FIDE 2019"]
[Site "Mosca"]
[Date "29.12.2019"]
[Round "8.87"]
[White "Galkin, Alexander"]
[Black "Makarian, Rudik"]
[Result "0-1"]
[WhiteTitle "GM"]
[BlackTitle "IM"]
[WhiteElo "2611"]
[BlackElo "2397"]
[WhiteFideId "4120426"]
[BlackFideId "44105681"]
[EventDate "2019.12.29"]

1. Nf3 Nf6 2. d4 g6 3. Bf4 Bg7 4. e3 O-O 5. Be2 b6 6. c4 Bb7 7. Nc3 d5 8. O-O
dxc4 9. Bxc4 Nbd7 10. Qe2 a6 11. a4 c5 12. dxc5 Nxc5 13. Rfd1 Qe8 14. h3 Rd8 15.
Ne5 Rxd1+ 16. Rxd1 Nxa4 17. Nxf7 Nxc3 18. Ng5+ Ncd5 19. e4 h6 20. Nf3 Kh7 21.
exd5 b5 22. Ba2 Nxd5 23. Bxh6 Nc3 24. bxc3 Bxf3 25. gxf3 Bxh6 26. Qe6 Rf6 27.
Qe4 Bf4 28. Be6 Bd6 29. Bg4 Kg7 30. Qb7 Qd8 31. Kg2 Qc7 32. Qxa6 Qc4 33. Qb7 Qf4
34. Rxd6 Qxd6 35. Qxb5 Qc6 36. Qb4 Qd6 37. Qe4 Qc5 38. h4 Qd6 39. c4 Rf4 40. Qe2
Qc5 41. Qb2+ Kh7 42. Qb7 Rxc4 43. Qb1 Rc2 44. Qe1 Qd6 45. Qe3 Rc5 46. Qe4 Re5
47. Qc4 Kg7 48. Qc2 Qd4 49. Qa2 Rb5 50. Qe2 Rb7 51. Qe6 Qf6 52. Qe4 Rb2 53. Qe3
Qxh4 54. Qe5+ Qf6 55. Qe3 Rb4 56. Qe2 Rb7 57. Qe4 Rc7 58. Qa4 e5 59. Qe4 Re7 60.
Qb4 Kh6 61. Qc5 Kg7 62. Qb4 Qf8 63. Qd6 Qf6 64. Qb4 Re8 65. Qb7+ Qf7 66. Qe4 Re7
67. Qb4 Qf6 68. Qc5 e4 69. fxe4 Rxe4 70. f3 Re2+ 71. Kh3 Re7 72. Qb4 Rc7 73. Qa5
Re7 74. Qb4 Qe5 75. Qd2 Re8 76. Qd7+ Re7 77. Qd2 Qf6 78. Qb4 Re8 79. Qb5 0-1

[Event "Mondiale Lampo FIDE 2019"]
[Site "Mosca"]
[Date "29.12.2019"]
[Round "8.88"]
[White "Faizrakhmanov, Ramil"]
[Black "Sutovsky, Emil"]
[Result "1/2-1/2"]
[WhiteTitle "IM"]
[BlackTitle "GM"]
[WhiteElo "2434"]
[BlackElo "2643"]
[WhiteFideId "24103209"]
[BlackFideId "2802007"]
[EventDate "2019.12.29"]

1. d4 Nf6 2. c4 g6 3. Nc3 d5 4. cxd5 Nxd5 5. Bd2 Bg7 6. e4 Nxc3 7. Bxc3 O-O 8.
Qd2 b6 9. Nf3 Bb7 10. Bd3 Nd7 11. O-O e6 12. h3 c5 13. Bc2 Rc8 14. Rad1 Qe7 15.
d5 Bxc3 16. bxc3 exd5 17. exd5 Qd6 18. c4 Rfe8 19. Rfe1 Rxe1+ 20. Rxe1 b5 21.
cxb5 Qxd5 22. Qc3 Qd6 23. Ng5 Qf6 24. Qxf6 Nxf6 25. Re7 Bd5 26. Rxa7 Re8 27. b6
Rb8 28. Rc7 c4 29. a4 Rxb6 30. a5 Rb2 31. Ba4 Ra2 32. Bc6 Rxa5 33. Bxd5 Rxd5 34.
Nxf7 Rd7 35. Nh6+ Kg7 36. Rxd7+ Nxd7 37. Ng4 c3 38. Ne3 Nc5 39. Kf1 Nd3 40. Nc2
Kf6 41. Ke2 Nb2 42. f4 Ke6 43. g4 Kd5 44. Ke3 Kc4 45. f5 gxf5 46. gxf5 Kd5 47.
f6 Ke6 48. Kd4 Nd1 49. Ne3 Kxf6 50. Nd5+ Kg5 51. Kd3 Kh4 52. Nf6 h6 53. Ng8 h5
54. Nf6 1/2-1/2

[Event "Mondiale Lampo FIDE 2019"]
[Site "Mosca"]
[Date "29.12.2019"]
[Round "8.89"]
[White "Gurvich, Vitaly"]
[Black "Shcherbakov, Ruslan"]
[Result "1-0"]
[WhiteTitle "FM"]
[BlackTitle "GM"]
[WhiteElo "2230"]
[BlackElo "2527"]
[WhiteFideId "24164852"]
[BlackFideId "4102240"]
[EventDate "2019.12.29"]

1. b3 e5 2. Bb2 Nc6 3. e3 Nf6 4. c4 g6 5. Nf3 d6 6. d4 exd4 7. Nxd4 Nxd4 8. Qxd4
Bg7 9. Nc3 O-O 10. Nd5 Ne8 11. Qd2 Be6 12. Be2 Bxd5 13. cxd5 Bxb2 14. Qxb2 Qg5
15. Bf3 Nf6 16. Rd1 Rfe8 17. O-O Re7 18. Qd4 h5 19. Rc1 Qe5 20. Qb4 b6 21. h4 a5
22. Qc4 Rae8 23. Rfd1 Qf5 24. Rd4 Nd7 25. Rf4 Qe5 26. Re4 Qb2 27. Rxe7 Rxe7 28.
Qxc7 Ne5 29. Qd8+ Kg7 30. Rc8 Qa1+ 31. Kh2 Nxf3+ 32. gxf3 Qe5+ 33. f4 1-0

[Event "Mondiale Lampo FIDE 2019"]
[Site "Mosca"]
[Date "29.12.2019"]
[Round "8.90"]
[White "Belousov, Danila"]
[Black "Kazhgaleyev, Murtas"]
[Result "0-1"]
[WhiteTitle "FM"]
[BlackTitle "GM"]
[WhiteElo "2274"]
[BlackElo "2569"]
[WhiteFideId "4167350"]
[BlackFideId "13700316"]
[EventDate "2019.12.29"]

1. e4 e6 2. d4 d5 3. Nc3 Bb4 4. e5 c5 5. a3 Ba5 6. Bd2 Ne7 7. Nb5 Bxd2+ 8. Qxd2
Nf5 9. dxc5 O-O 10. Nf3 b6 11. Bd3 bxc5 12. O-O Nc6 13. Rfe1 a6 14. Nc3 Nh4 15.
Nxh4 Qxh4 16. Re3 h6 17. Rh3 Qe7 18. Rg3 Nxe5 19. Qxh6 f5 20. Re1 Nxd3 21. cxd3
Qf6 22. Rg6 Bd7 23. Re3 f4 24. Rh3 Qe5 25. Kf1 Kf7 26. Qg5 Qxg5 27. Rxg5 Rab8
28. Rh7 Rg8 29. Ne2 Kf6 30. h4 e5 31. Nc3 Be6 32. Na4 Rb5 33. Rhh5 g6 34. Rh7
Bf7 35. Ke2 c4 36. dxc4 dxc4 37. Kd2 Rd8+ 38. Kc1 Rbd5 39. Nc3 Rd4 40. Kb1 Rb8
41. Kc1 Rbd8 42. Kb1 e4 43. Rc5 e3 44. fxe3 fxe3 45. Rc7 Be6 46. g4 Rxg4 47. Rc6
e2 48. Nxe2 Rd1+ 49. Kc2 Re1 50. Kd2 Rb1 51. Nc3 Rxb2+ 52. Ke3 Ke5 53. Rc5+ Kd6
54. Ra5 Rg3+ 55. Kd4 Rd3+ 56. Ke4 Bf5+ 57. Kf4 Rxc3 58. h5 Rf2+ 59. Kg5 Rg3+ 60.
Kh6 gxh5 61. Rxa6+ Ke5 62. Re7+ Kd4 63. Rd6+ Kc3 64. a4 Ra2 65. Re5 Rg6+ 66.
Rxg6 Bxg6 67. Kxg6 Rxa4 0-1

[Event "Mondiale Lampo FIDE 2019"]
[Site "Mosca"]
[Date "29.12.2019"]
[Round "8.91"]
[White "Yagupov, Igor"]
[Black "Potkin, Vladimir"]
[Result "0-1"]
[WhiteTitle "GM"]
[BlackTitle "GM"]
[WhiteElo "2357"]
[BlackElo "2583"]
[WhiteFideId "4113632"]
[BlackFideId "4131061"]
[EventDate "2019.12.29"]

1. e4 c5 2. Nf3 d6 3. d4 cxd4 4. Nxd4 Nf6 5. Nc3 a6 6. f3 e5 7. Nb3 Be7 8. Be3
Be6 9. Qd2 Nbd7 10. O-O-O b5 11. g4 Nb6 12. Qf2 Nc4 13. Bxc4 bxc4 14. Nc5 O-O
15. Kb1 Qc7 16. N5a4 Nd7 17. Nd5 Bxd5 18. exd5 Rab8 19. Ka1 Qa5 20. b3 cxb3 21.
cxb3 Rfc8 22. Qd2 Qb5 23. Qd3 Qb7 24. Rc1 Nf6 25. Rxc8+ Rxc8 26. Rd1 e4 27. fxe4
Nxg4 28. Bd4 Bf6 29. Bxf6 Nxf6 30. Qd4 Re8 31. Nc3 Re5 32. Rf1 Qe7 33. Rf4 g6
34. Kb2 Nd7 35. b4 Qd8 36. a4 a5 37. Nb5 Qg5 38. Qf2 Qe7 39. bxa5 Nc5 40. Nc3
Nd3+ 0-1

[Event "Mondiale Lampo FIDE 2019"]
[Site "Mosca"]
[Date "29.12.2019"]
[Round "8.92"]
[White "Moiseenko, Vadim"]
[Black "Batchuluun, Tsegmed"]
[Result "1-0"]
[WhiteTitle "GM"]
[BlackTitle "GM"]
[WhiteElo "2526"]
[BlackElo "2530"]
[WhiteFideId "4123700"]
[BlackFideId "4900847"]
[EventDate "2019.12.29"]

1. e4 e5 2. Nc3 Nf6 3. a3 Nc6 4. d3 d5 5. Bg5 d4 6. Nd5 Be7 7. Nxe7 Qxe7 8. Ne2
h6 9. Bd2 Bd7 10. Ng3 O-O-O 11. Be2 g5 12. b4 Rdg8 13. b5 Nd8 14. Bb4 Qe8 15. a4
Kb8 16. c3 Ne6 17. cxd4 Nxd4 18. Rc1 Be6 19. O-O h5 20. Bc3 Bb3 21. Qd2 h4 22.
Bxd4 exd4 23. Nf5 Qe5 24. Qb4 Be6 25. Rc5 Qf4 26. g3 hxg3 27. fxg3 Qxf1+ 28.
Bxf1 Nd7 29. Rc1 Bxf5 30. exf5 Ne5 31. Qe7 Nf3+ 32. Kf2 g4 33. Rxc7 Rxh2+ 34.
Bg2 1-0

[Event "Mondiale Lampo FIDE 2019"]
[Site "Mosca"]
[Date "29.12.2019"]
[Round "8.93"]
[White "Kryakvin, Dmitry"]
[Black "Mesropov, Konstantin"]
[Result "1/2-1/2"]
[WhiteTitle "GM"]
[BlackTitle "IM"]
[WhiteElo "2596"]
[BlackElo "2422"]
[WhiteFideId "4153278"]
[BlackFideId "4116887"]
[EventDate "2019.12.29"]

1. d4 e6 2. Nf3 d5 3. c4 c6 4. Nbd2 f5 5. Ne5 Nf6 6. e3 Bd6 7. f4 O-O 8. Be2
Nbd7 9. O-O Ne4 10. Nxe4 fxe4 11. Bd2 Qe7 12. c5 Bc7 13. b4 Nxe5 14. fxe5 Bd7
15. Rb1 a6 16. a4 Qh4 17. Qe1 Rxf1+ 18. Bxf1 Qh6 19. b5 axb5 20. axb5 Bd8 21. b6
Bh4 22. g3 Bg5 23. h4 Be7 24. Ra1 Rf8 25. Bg2 g5 26. hxg5 Bxg5 27. Qe2 Be8 28.
Ra8 Bh5 29. Rxf8+ Kxf8 30. Qf2+ Kg7 31. Bh1 Bg4 32. Bg2 Bh3 33. Bh1 Bg4 34. Bg2
Bh3 35. Bh1 Qh5 36. Qe1 Bg4 37. Bg2 Bf3 38. Qf2 Qg4 39. Bf1 h5 40. Bg2 h4 41.
Kh2 Bxg2 42. Kxg2 hxg3 43. Qxg3 Qe2+ 44. Qf2 Qg4+ 45. Qg3 Qe2+ 46. Qf2 Qxf2+ 47.
Kxf2 Kg6 48. Kg3 Kh5 49. Kh3 Bh4 50. Bc3 Bf2 51. Bd2 Bh4 52. Bc3 Bf2 53. Bd2 Kg5
54. Kg2 Bh4 55. Kh3 Kh5 56. Bc3 Bg5 57. Bd2 Bh6 58. Kg3 Bf8 59. Kh3 Kg5 60. Be1
Kf5 61. Kg3 Be7 62. Bd2 Bg5 63. Bc1 Be7 64. Bd2 Kg5 65. Bc1 Kh5 66. Kh3 Bg5 67.
Bd2 Bh4 68. Bc3 Bf2 69. Bd2 Bh4 70. Bc3 1/2-1/2

[Event "Mondiale Lampo FIDE 2019"]
[Site "Mosca"]
[Date "29.12.2019"]
[Round "8.94"]
[White "Blohberger, Felix"]
[Black "Tissir, Mohamed"]
[Result "0-1"]
[WhiteTitle "IM"]
[BlackTitle "IM"]
[WhiteElo "2434"]
[BlackElo "2379"]
[WhiteFideId "1632051"]
[BlackFideId "9000240"]
[EventDate "2019.12.29"]

1. Nf3 Nf6 2. d4 g6 3. b3 Bg7 4. Bb2 O-O 5. e3 d5 6. Be2 c6 7. O-O a5 8. c4 Bf5
9. Nc3 Na6 10. Rc1 Nc7 11. Na4 Nd7 12. h3 h6 13. Qd2 g5 14. Bd3 e6 15. Bxf5 exf5
16. Qd3 Qf6 17. Ne5 Nxe5 18. dxe5 Qg6 19. Nc5 dxc4 20. bxc4 Ne6 21. Qa3 g4 22.
hxg4 fxg4 23. Nxb7 Ng5 24. Rfd1 Rab8 25. Rd7 Nf3+ 26. Kf1 Qf5 27. Rcd1 g3 28.
Ke2 Ng1+ 29. Rxg1 Qxf2+ 30. Kd3 Qxg1 31. Bd4 Qxg2 32. Qe7 Qf1+ 33. Kc2 Qxc4+ 34.
Kd2 g2 35. e6 Bxd4 36. exf7+ Kh8 37. Rxd4 0-1

[Event "Mondiale Lampo FIDE 2019"]
[Site "Mosca"]
[Date "29.12.2019"]
[Round "8.95"]
[White "Mamatov, Melis"]
[Black "Geller, Jakov"]
[Result "0-1"]
[BlackTitle "GM"]
[WhiteElo "2292"]
[BlackElo "2521"]
[WhiteFideId "13800027"]
[BlackFideId "4151984"]
[EventDate "2019.12.29"]

1. c4 e6 2. e3 d5 3. Nf3 Nf6 4. a3 Be7 5. b4 O-O 6. Bb2 c6 7. Be2 a5 8. b5 c5 9.
d4 Nbd7 10. cxd5 exd5 11. dxc5 Nxc5 12. O-O a4 13. Nbd2 Bg4 14. Nd4 Bxe2 15.
Qxe2 Nfe4 16. Rad1 Qb6 17. Qg4 Bf6 18. N2f3 g6 19. h4 h5 20. Qf4 Rac8 21. Ba1
Rfe8 22. Ng5 Nxg5 23. hxg5 Be5 24. Qf3 Ne4 25. Qe2 Nc3 26. Bxc3 Rxc3 27. Qb2 Rc4
28. Rfe1 Bxd4 29. exd4 Rxe1+ 30. Rxe1 Qxd4 31. Re8+ Kg7 32. Qxd4+ Rxd4 33. Rb8
Rd3 34. Rxb7 Rxa3 35. Rd7 Rd3 36. b6 a3 37. b7 a2 38. b8=Q a1=Q+ 39. Kh2 Qd4 40.
Rd8 Qh4+ 0-1

[Event "Mondiale Lampo FIDE 2019"]
[Site "Mosca"]
[Date "29.12.2019"]
[Round "8.96"]
[White "Tsoi, Dmitry"]
[Black "Makoveev, Ilya"]
[Result "0-1"]
[WhiteTitle "FM"]
[BlackTitle "FM"]
[WhiteElo "2321"]
[BlackElo "2277"]
[WhiteFideId "24194697"]
[BlackFideId "34155748"]
[EventDate "2019.12.29"]

1. d3 Nf6 2. g3 e5 3. c4 d5 4. cxd5 Nxd5 5. Bg2 Be7 6. Nc3 Nb6 7. Nf3 Nc6 8. O-O
O-O 9. Bd2 Be6 10. b3 f5 11. Qc1 h6 12. Qb2 Bf6 13. Qc1 Qe7 14. Be3 Rfe8 15. Nd2
Rad8 16. Nc4 Nd5 17. Nxd5 Bxd5 18. Rb1 Bxg2 19. Kxg2 f4 20. Bd2 Nd4 21. Qd1 Qe6
22. a4 Kh8 23. Bc3 e4 24. Bxd4 Rxd4 25. Kg1 e3 26. fxe3 fxe3 27. Rf3 Rd5 28. Qf1
a6 29. a5 b5 30. axb6 cxb6 31. Kh1 Bd4 32. Rf8+ Rxf8 33. Qxf8+ Kh7 34. Rf1 b5
35. Na5 Bf6 36. Qa8 Rc5 37. Qf3 Re5 38. b4 Rd5 39. Nb7 Be7 40. Rb1 Qd7 41. Qe4+
Kh8 42. Na5 Bg5 43. Rf1 Qd8 44. Nc6 Qd6 45. Na5 Re5 46. Qa8+ Kh7 47. Qf3 Qe6 48.
Nc6 Rd5 49. Na5 Re5 50. Kg2 Rd5 51. Nb7 Be7 52. Rb1 Rf5 53. Qe4 Qxe4+ 54. dxe4
Rf2+ 55. Kh3 Rxe2 56. Nc5 Bxc5 57. bxc5 Rc2 58. Re1 Rxc5 59. Rxe3 Kg6 60. Kg4
Kf6 61. Ra3 Rc6 62. Kf4 b4 63. Rb3 a5 64. Rd3 a4 65. Rd4 Rb6 0-1

[Event "Mondiale Lampo FIDE 2019"]
[Site "Mosca"]
[Date "29.12.2019"]
[Round "8.97"]
[White "Lobanov, Sergei"]
[Black "Al Ghamdi, Ahmed M"]
[Result "1-0"]
[WhiteTitle "IM"]
[BlackTitle "CM"]
[WhiteElo "2504"]
[BlackElo "2107"]
[WhiteFideId "24183750"]
[BlackFideId "21500150"]
[EventDate "2019.12.29"]

1. e4 e5 2. Nf3 Nc6 3. Bb5 a6 4. Ba4 d6 5. c3 Bd7 6. d4 g6 7. O-O Bg7 8. Bg5
Nge7 9. Qc1 O-O 10. Rd1 exd4 11. cxd4 Bg4 12. Bxc6 bxc6 13. Qf4 Be6 14. Bh6 f6
15. Bxg7 Kxg7 16. Nc3 Rb8 17. Rd2 Rb4 18. Re1 Qb8 19. b3 Qc8 20. h3 g5 21. Qe3
h6 22. d5 Bd7 23. dxc6 Bxc6 24. Nd4 Bd7 25. Rc1 Re8 26. Qd3 Rb8 27. Rdc2 Ng6 28.
Nd5 c5 29. Ne2 Ne5 30. Qc3 Be6 31. Rd1 Qb7 32. Rcd2 Rbd8 33. Ng3 Kg6 34. Qc2 h5
35. f4 gxf4 36. Nxf4+ Kf7 37. Ngxh5 Nc6 38. Rxd6 Rxd6 39. Rxd6 Nd4 40. Qxc5 Nb5
41. Rxe6 Rxe6 42. Nxe6 Qxe4 43. Nef4 1-0

[Event "Mondiale Lampo FIDE 2019"]
[Site "Mosca"]
[Date "29.12.2019"]
[Round "8.98"]
[White "Al Thebaiti, Ahmed M"]
[Black "Gutenev, Alexander"]
[Result "0-1"]
[WhiteTitle "CM"]
[BlackTitle "IM"]
[WhiteElo "1976"]
[BlackElo "2469"]
[WhiteFideId "21502390"]
[BlackFideId "4195540"]
[EventDate "2019.12.29"]

1. d4 Nf6 2. Bf4 b6 3. e3 Bb7 4. Nf3 g6 5. h3 Bg7 6. Be2 d6 7. c4 Nbd7 8. Nc3
O-O 9. Bh2 Ne4 10. Nxe4 Bxe4 11. O-O Bb7 12. Qc2 e5 13. Rad1 Qe7 14. Rfe1 a5 15.
a3 a4 16. Rd2 e4 17. d5 exf3 18. Bxf3 Nc5 19. e4 Nb3 20. Rd3 Nd4 21. Qd1 Nxf3+
22. Qxf3 Bxb2 23. Qe2 Bg7 24. f4 Ba6 25. Rf3 Rae8 26. Kh1 Qd7 27. e5 c6 28. Qc2
cxd5 29. cxd5 dxe5 30. Qc6 Qxc6 31. dxc6 e4 32. Rfe3 Bd3 33. f5 gxf5 34. Bd6 0-1

[Event "Mondiale Lampo FIDE 2019"]
[Site "Mosca"]
[Date "29.12.2019"]
[Round "8.99"]
[White "Mikhailovsky, Vladimir"]
[Black "Thing, Bibek"]
[Result "1-0"]
[WhiteTitle "CM"]
[BlackTitle "CM"]
[WhiteElo "2209"]
[BlackElo "2222"]
[WhiteFideId "34105414"]
[BlackFideId "12303135"]
[EventDate "2019.12.29"]

1. e4 c5 2. d4 cxd4 3. c3 dxc3 4. Nxc3 d6 5. Nf3 a6 6. Bc4 Nf6 7. e5 Ng8 8. Ng5
e6 9. Qf3 Nh6 10. O-O d5 11. Rd1 Nd7 12. Nxd5 exd5 13. Bxd5 Qe7 14. e6 Ne5 15.
Qf4 f6 16. Qa4+ b5 17. Qe4 Ra7 18. Bc6+ Nxc6 19. Qxc6+ Bd7 20. exd7+ Rxd7 21.
Ne6 Nf5 22. Qc8+ 1-0

[Event "Mondiale Lampo FIDE 2019"]
[Site "Mosca"]
[Date "29.12.2019"]
[Round "8.100"]
[White "Zarubitski, Viachaslau"]
[Black "Guimaraes, Diogo Duarte"]
[Result "0-1"]
[WhiteTitle "IM"]
[BlackTitle "FM"]
[WhiteElo "2451"]
[BlackElo "2322"]
[WhiteFideId "13509373"]
[BlackFideId "2112450"]
[EventDate "2019.12.29"]

1. e4 e5 2. Nf3 Nc6 3. Nc3 Nf6 4. h3 Bb4 5. Bd3 O-O 6. O-O Re8 7. Re1 h6 8. Nd5
Bc5 9. c3 a5 10. Bc2 d6 11. Ne3 Nh7 12. d4 Ba7 13. Ng4 Nf6 14. dxe5 Nxg4 15.
hxg4 Nxe5 16. Nxe5 dxe5 17. Qf3 Qh4 18. Bb3 Be6 19. Bxe6 Rxe6 20. Be3 Rf6 21.
Qh3 Qxh3 22. gxh3 Bxe3 23. Rxe3 Rd8 24. Rae1 Rd2 25. R1e2 Rfd6 26. Kf1 Rd1+ 27.
Kg2 R1d2 28. Kf3 f6 29. Rxd2 Rxd2 30. Re2 Rd3+ 31. Kg2 Kf7 32. Kf1 Rxh3 33. Rd2
Ke7 34. Kg2 Rh4 35. f3 h5 36. Kg3 Rh1 37. Kg2 Ra1 38. gxh5 Rxa2 39. Kh3 a4 40.
Rg2 a3 41. bxa3 Rxg2 42. Kxg2 Kf7 43. Kg3 g6 44. hxg6+ Kxg6 45. Kg4 b5 46. Kh4
f5 47. Kg3 Kg5 48. exf5 Kxf5 49. Kf2 Kf4 50. Ke2 c5 51. Kf2 c4 52. Ke2 e4 53.
fxe4 Kxe4 54. Kd2 Kf3 55. Kc2 Ke3 56. Kb2 Kd2 57. a4 bxa4 58. Ka3 Kxc3 0-1

[Event "Mondiale Lampo FIDE 2019"]
[Site "Mosca"]
[Date "29.12.2019"]
[Round "8.101"]
[White "Miranda Neto, Jayme Amorim"]
[Black "Usov, Aleksandr E."]
[Result "1-0"]
[WhiteTitle "CM"]
[WhiteElo "2102"]
[BlackElo "2012"]
[WhiteFideId "2115964"]
[BlackFideId "24257109"]
[EventDate "2019.12.29"]

1. d4 d5 2. Nf3 Nf6 3. e3 c5 4. c3 Nc6 5. Bd3 Bg4 6. h3 Bxf3 7. Qxf3 e6 8. Nd2
Rc8 9. O-O Bd6 10. dxc5 Bxc5 11. e4 d4 12. Qg3 O-O 13. Nb3 Bd6 14. f4 Bc7 15. e5
Nd5 16. cxd4 Bb6 17. Kh1 Kh8 18. f5 exf5 19. Bxf5 Rb8 20. Bg5 Qc7 21. Qh4 h6 22.
Bxh6 Kg8 23. Bxg7 1-0

[Event "Mondiale Lampo FIDE 2019"]
[Site "Mosca"]
[Date "29.12.2019"]
[Round "8.102"]
[White "Al Nhier, Hamoud"]
[Black "Luukkonen, Tommi"]
[Result "0-1"]
[WhiteTitle "FM"]
[BlackTitle "FM"]
[WhiteElo "1934"]
[BlackElo "2290"]
[WhiteFideId "21500045"]
[BlackFideId "501808"]
[EventDate "2019.12.29"]

1. c4 c5 2. g3 Nc6 3. Nf3 g6 4. d4 cxd4 5. Nxd4 Bg7 6. Nc2 d6 7. Nc3 Nf6 8. Bg2
O-O 9. O-O Be6 10. b3 a5 11. Rb1 Qd7 12. Ne3 Ng4 13. Ned5 Qd8 14. h3 Nge5 15.
Be3 Nd7 16. f4 Bf5 17. Na4 Bxb1 18. Qxb1 Ra6 19. Bf2 e6 20. Ndc3 Qb8 21. Rd1 Rd8
22. Nb5 Ne7 23. Qd3 d5 24. cxd5 Nxd5 25. Bxd5 Nf6 26. Nbc3 exd5 27. Bd4 Rad6 28.
Be5 Qa7+ 29. Kg2 R6d7 30. Nb5 Qa8 31. Nb6 Qa6 32. Nxd7 Rxd7 33. a4 Qc6 34. Bxf6
Bxf6 35. e4 d4 0-1